[Event "AbuDhabiMaster"]
[Site "AbuDhabi"]
[Date "2005.??.??"]
[Round "6"]
[White "Kobalija, Mihail"]
[Black "Anastasian, Ashot"]
[Result "1/2-1/2"]
[WhiteElo "2614"]
[BlackElo "2595"]
[PlyCount "73"]
[EventDate "2005.??.??"]
[WhiteTeam "Russia"]
[BlackTeam "Armenia"]
[WhiteTeamCountry "RUS"]
[BlackTeamCountry "ARM"]

1. e4 e6 2. d4 d5 3. Nd2 dxe4 4. Nxe4 Bd7 5. Nf3 Bc6 6. Bd3 Nd7 7. O-O Be7 8.
Qe2 Ngf6 9. Ng3 Bxf3 10. Qxf3 c6 11. c3 O-O 12. Re1 Re8 13. Bf4 Qb6 14. Ne4
Nxe4 15. Qxe4 Nf6 16. Qe2 Rad8 17. Be5 Nd7 18. Bg3 Nf8 19. Rad1 Bd6 20. Bb1
Bxg3 21. hxg3 Rd6 22. Rd3 Red8 23. Red1 a5 24. Qc2 g6 25. a3 Qc7 26. Ba2 Nd7
27. Qe2 b6 28. Qe3 Nf6 29. Qe5 Qe7 30. Qe2 h5 31. Bb3 R6d7 32. Qf3 Rd6 33. Qe2
R6d7 34. Qe3 Kg7 35. Qe5 Kg8 36. Qg5 Ng4 37. Qxe7 1/2-1/2

[Event "AbuDhabiMaster"]
[Site "AbuDhabi"]
[Date "2005.??.??"]
[Round "6"]
[White "Aleksandrov, Aleksej"]
[Black "Rausis, Igors"]
[Result "1-0"]
[WhiteElo "2630"]
[BlackElo "2498"]
[PlyCount "81"]
[EventDate "2005.??.??"]
[WhiteTeam "Belarus"]
[BlackTeam "Bangladesh"]
[WhiteTeamCountry "BLR"]
[BlackTeamCountry "BAN"]

1. d4 Nf6 2. c4 e6 3. Nc3 d5 4. cxd5 Nxd5 5. e4 Nxc3 6. bxc3 c5 7. a3 cxd4 8.
cxd4 e5 9. Nf3 exd4 10. Bc4 Be7 11. O-O Nc6 12. Bd5 O-O 13. Bb2 Bf6 14. Re1 Be6
15. Bxc6 bxc6 16. Nxd4 Bxd4 17. Bxd4 Qd6 18. Be3 Qxd1 19. Rexd1 a5 20. Rd6 Rfc8
21. Rc1 h5 22. f4 a4 23. f5 Ba2 24. Kf2 Rab8 25. Rd2 Bb3 26. Kf3 Rb5 27. Bc5
Re8 28. Rd6 Ba2 29. Bb4 Rbe5 30. Rd4 Rc8 31. Kf4 c5 32. Kxe5 Re8+ 33. Kf4 cxd4
34. e5 d3 35. Rc6 Rd8 36. Rd6 Rxd6 37. exd6 d2 38. Bxd2 Kf8 39. Kg5 Bb1 40. f6
gxf6+ 41. Kxh5 1-0

[Event "AbuDhabiMaster"]
[Site "AbuDhabi"]
[Date "2005.??.??"]
[Round "6"]
[White "Fedorov, Alexei"]
[Black "Mamedjarova, Zeinab"]
[Result "1-0"]
[WhiteElo "2611"]
[BlackElo "2262"]
[PlyCount "111"]
[EventDate "2005.??.??"]
[WhiteTeam "Belarus"]
[BlackTeam "Azerbaijan"]
[WhiteTeamCountry "BLR"]
[BlackTeamCountry "AZE"]

1. e4 e5 2. Nf3 Nc6 3. Bb5 a6 4. Ba4 Nf6 5. d3 b5 6. Bb3 Bc5 7. a4 Rb8 8. axb5
axb5 9. O-O d6 10. h3 O-O 11. Nc3 h6 12. Be3 Nd7 13. Nd5 Bxe3 14. fxe3 Nc5 15.
Ba2 Be6 16. Qd2 Ne7 17. b4 Bxd5 18. Bxd5 Nxd5 19. bxc5 Ne7 20. Qc3 Qd7 21. Ra6
f5 22. Qb4 Rf6 23. cxd6 cxd6 24. Rfa1 fxe4 25. Qxe4 Qe6 26. Ra8 Rff8 27. Rxb8
Rxb8 28. Ra7 Ng6 29. Nd4 Qf6 30. Nf5 Kh8 31. Rxg7 Nh4 32. Rg3 Nxf5 33. Rf3 Rf8
34. g4 Qg5 35. Kh2 Rc8 36. Rxf5 Rxc2+ 37. Kg3 Qe7 38. h4 Rc8 39. Qf3 Kg7 40. g5
Rg8 41. Qh5 Rh8 42. Rf6 Qe8 43. Qxe8 Rxe8 44. Rxh6 b4 45. Rxd6 Rb8 46. Rd7+ Kg8
47. Rc7 b3 48. Rc1 b2 49. Rb1 Rb4 50. e4 Kf7 51. Kg4 Ke6 52. h5 Rb5 53. h6 Kf7
54. Kf5 Kg8 55. g6 Kh8 56. Kf6 1-0

[Event "AbuDhabiMaster"]
[Site "AbuDhabi"]
[Date "2005.??.??"]
[Round "6"]
[White "Ghaem Maghami, Ehsan"]
[Black "Mahjoob, Morteza"]
[Result "1-0"]
[WhiteElo "2603"]
[BlackElo "2442"]
[PlyCount "73"]
[EventDate "2005.??.??"]
[WhiteTeam "Iran"]
[BlackTeam "Iran"]
[WhiteTeamCountry "IRI"]
[BlackTeamCountry "IRI"]

1. e4 e5 2. Nf3 Nf6 3. Nxe5 d6 4. Nf3 Nxe4 5. d4 d5 6. Bd3 Be7 7. O-O Nc6 8. c4
Nb4 9. Be2 O-O 10. Nc3 Be6 11. Be3 Bf6 12. Qa4 Nxc3 13. bxc3 Nc6 14. Rab1 Rb8
15. Rfd1 a6 16. Qc2 Qe7 17. Bf4 Rfe8 18. Bd3 g6 19. c5 Qd7 20. h3 Qc8 21. Re1
Bd7 22. Rxe8+ Bxe8 23. Bg3 Na5 24. Qd2 Qd8 25. h4 Rc8 26. h5 Nc4 27. Bxc4 dxc4
28. Rxb7 Bc6 29. Rb1 g5 30. Nh2 h6 31. Re1 Qd5 32. f3 Bg7 33. Ng4 f5 34. Ne5
Be8 35. f4 g4 36. Qc2 Bf7 37. Qxf5 1-0

[Event "AbuDhabiMaster"]
[Site "AbuDhabi"]
[Date "2005.??.??"]
[Round "6"]
[White "Sale, Srdjan"]
[Black "Ganguly, Surya Shekhar"]
[Result "1-0"]
[WhiteElo "2437"]
[BlackElo "2596"]
[PlyCount "61"]
[EventDate "2005.??.??"]
[WhiteTeam "Croatia"]
[BlackTeam "India"]
[WhiteTeamCountry "CRO"]
[BlackTeamCountry "IND"]

1. e4 e5 2. Nf3 Nc6 3. Bb5 a6 4. Bxc6 dxc6 5. O-O Qf6 6. d3 h6 7. Be3 Bg4 8.
Nbd2 O-O-O 9. Qb1 Ne7 10. b4 Ng6 11. a4 b6 12. Qb2 Be7 13. Rab1 Qe6 14. Rfe1
Rhf8 15. a5 b5 16. Qc3 f5 17. Bc5 Bd6 18. Bxd6 Rxd6 19. exf5 Rxf5 20. Re3 Nf4
21. Qc5 Nxg2 22. Rxe5 Qg6 23. Rxf5 Bxf5 24. Kh1 Nf4 25. Nh4 Bxd3 26. Nxg6 Bxg6
27. Qe3 Nd5 28. Qe5 Bxc2 29. Rc1 Nxb4 30. Rxc2 Nxc2 31. Qf5+ 1-0

[Event "AbuDhabiMaster"]
[Site "AbuDhabi"]
[Date "2005.??.??"]
[Round "6"]
[White "Kayumov, Sergey"]
[Black "Kotsur, Pavel"]
[Result "1/2-1/2"]
[WhiteElo "2405"]
[BlackElo "2595"]
[PlyCount "102"]
[EventDate "2005.??.??"]
[WhiteTeam "Uzbekistan"]
[BlackTeam "Kazakhstan"]
[WhiteTeamCountry "UZB"]
[BlackTeamCountry "KAZ"]

1. e4 c5 2. Nf3 d6 3. Bb5+ Nd7 4. d4 Ngf6 5. Nc3 cxd4 6. Qxd4 h6 7. Be3 e5 8.
Qd3 Be7 9. a4 O-O 10. Bc4 Nb6 11. Bxb6 Qxb6 12. a5 Qxb2 13. O-O Qb4 14. Nd5
Nxd5 15. Bxd5 Qc5 16. Rfb1 Rb8 17. Rb5 Qc7 18. Qb3 Bd8 19. Nd2 b6 20. Nc4 Bd7
21. axb6 axb6 22. Rb4 b5 23. Qb2 Bg5 24. Na3 Bd2 25. Rb3 b4 26. Nb1 Bg5 27. c3
bxc3 28. Nxc3 Rxb3 29. Qxb3 Rb8 30. Bxf7+ Kf8 31. Qc4 Qxc4 32. Bxc4 Rc8 33. Bb5
Be6 34. Nd5 Rc5 35. Ra8+ Rc8 36. Rxc8+ Bxc8 37. g3 h5 38. h4 Bc1 39. Be2 g6 40.
Kg2 Bd7 41. f3 Kf7 42. Bc4 Kg7 43. Nb6 Be8 44. Nd5 Ba3 45. Nc7 Ba4 46. Bb5 Bb3
47. Be8 Bc5 48. Nd5 Bc4 49. Kh2 Bf1 50. Bd7 Kf7 51. Bh3 Bc4 1/2-1/2

[Event "AbuDhabiMaster"]
[Site "AbuDhabi"]
[Date "2005.??.??"]
[Round "6"]
[White "Prasad, Devaki V"]
[Black "Ulibin, Mikhail"]
[Result "1-0"]
[WhiteElo "2359"]
[BlackElo "2529"]
[PlyCount "125"]
[EventDate "2005.??.??"]
[WhiteTeam "India"]
[BlackTeam "Russia"]
[WhiteTeamCountry "IND"]
[BlackTeamCountry "RUS"]

1. e4 c5 2. Nf3 d6 3. d4 cxd4 4. Nxd4 Nf6 5. Nc3 Bd7 6. Bg5 Bc6 7. Nxc6 bxc6 8.
Bc4 Nbd7 9. O-O e6 10. Kh1 Be7 11. f4 h6 12. Bh4 d5 13. exd5 cxd5 14. Bb3 Nc5
15. f5 O-O 16. fxe6 fxe6 17. Qe2 Kh8 18. Bf2 Nfe4 19. Nxe4 Nxe4 20. Bd4 Bf6 21.
Bxf6 Rxf6 22. c4 Nc5 23. Bc2 d4 24. Rxf6 gxf6 25. Rd1 a5 26. Qh5 Qf8 27. Rxd4
f5 28. Rh4 Qf6 29. g4 fxg4 30. Qxh6+ Qxh6 31. Rxh6+ Kg7 32. Rg6+ Kf7 33. Rxg4
Kf6 34. b3 Ke5 35. Kg2 Rb8 36. Kf3 a4 37. Ke3 axb3 38. axb3 Nxb3 39. Rg5+ Kd6
40. Rb5 Rxb5 41. cxb5 Nc5 42. h4 Nd7 43. Kf4 Ke7 44. h5 Kf6 45. h6 Nb6 46. h7
Nd5+ 47. Ke4 Kg7 48. Kd4 Kh8 49. Be4 Nb6 50. Kc5 Na4+ 51. Kc6 Nb2 52. Kc7 Na4
53. Kc6 Nb2 54. Kd6 Na4 55. Bc2 Nb6 56. Kxe6 Kg7 57. Kd6 Nc4+ 58. Kc5 Ne5 59.
Bf5 Nf7 60. b6 Nd8 61. Be4 Kh8 62. Bd5 Kxh7 63. Kd6 1-0

[Event "AbuDhabiMaster"]
[Site "AbuDhabi"]
[Date "2005.??.??"]
[Round "6"]
[White "Moradiabadi, Elshan"]
[Black "Salem, Ghuloom"]
[Result "1/2-1/2"]
[WhiteElo "2485"]
[BlackElo "2318"]
[PlyCount "72"]
[EventDate "2005.??.??"]
[WhiteTeam "Iran"]
[BlackTeam "United Arab Emirates"]
[WhiteTeamCountry "IRI"]
[BlackTeamCountry "UAE"]

1. c4 e5 2. g3 Nc6 3. Bg2 g6 4. Nc3 Bg7 5. Rb1 a5 6. d3 Nf6 7. Nf3 O-O 8. O-O
d6 9. a3 Nd4 10. b4 axb4 11. axb4 c6 12. b5 Bg4 13. e3 Nxf3+ 14. Bxf3 Bxf3 15.
Qxf3 d5 16. bxc6 bxc6 17. cxd5 Nxd5 18. Ne2 f5 19. e4 fxe4 20. Qxe4 Rf7 21. Bb2
Qd6 22. Ra1 Rb8 23. Ba3 Qf6 24. Rac1 Rfb7 25. Nc3 Qe6 26. Qc4 Rb3 27. Bc5 h6
28. Ne4 Rb2 29. Ba3 R2b6 30. Rfe1 Ra8 31. Bc5 Rba6 32. Bd6 Qf7 33. Bc5 Ra2 34.
Be3 R8a4 35. Qb3 R4a3 36. Qc4 Ra6 1/2-1/2

[Event "AbuDhabiMaster"]
[Site "AbuDhabi"]
[Date "2005.??.??"]
[Round "6.16"]
[White "Annaberdiev, Meilis"]
[Black "Dobrov, Vladimir"]
[Result "1/2-1/2"]
[WhiteElo "2409"]
[BlackElo "2535"]
[PlyCount "107"]
[EventDate "2005.??.??"]
[WhiteTeamCountry "IRI"]
[BlackTeamCountry "UAE"]

1. d4 Nf6 2. Nf3 g6 3. Bg5 Bg7 4. Nbd2 O-O 5. e4 d5 6. exd5 Qxd5 7. Bc4 Qd6 8.
O-O Nc6 9. c3 h6 10. Bh4 Nh5 11. Re1 g5 12. Ne4 Qg6 13. Bg3 Bf5 14. Nc5 Nxg3
15. hxg3 b6 16. Nd3 Rad8 17. Nfe5 Qd6 18. Qf3 Bxd3 19. Bxf7+ Kh8 20. Nxd3 e5
21. Qh5 Qd7 22. Bg6 exd4 23. c4 Qd6 24. Rac1 Ne7 25. Be4 Ng8 26. Qd1 c5 27. g4
Rde8 28. Qd2 Be5 29. g3 a5 30. Bf5 Bf6 31. Bg6 Rxe1+ 32. Rxe1 Ne7 33. Be4 Qe6
34. Bf5 Qxc4 35. Rxe7 Bxe7 36. Ne5 Qd5 37. Ng6+ Kg7 38. Nxe7 Qd6 39. Ng6 Rf6
40. Qe2 Rxg6 41. Bxg6 Kxg6 42. Qd3+ Kg7 43. b3 Qe6 44. Qf3 Qd7 45. Kh2 b5 46.
Qe4 Kf6 47. Qa8 c4 48. bxc4 bxc4 49. Qh8+ Kg6 50. Qg8+ Kf6 51. Qxc4 d3 52. Qc3+
Kg6 53. Qb3 d2 54. Qc2+ 1/2-1/2

[Event "AbuDhabiMaster"]
[Site "AbuDhabi"]
[Date "2005.??.??"]
[Round "6.17"]
[White "Karavade, Eesha"]
[Black "Simonenko, Sergei"]
[Result "0-1"]
[WhiteElo "2370"]
[BlackElo "2483"]
[PlyCount "114"]
[EventDate "2005.??.??"]
[WhiteTeamCountry "IRI"]
[BlackTeamCountry "UAE"]

1. Nf3 Nf6 2. c4 g6 3. Nc3 Bg7 4. d4 O-O 5. e4 d6 6. Be2 Bg4 7. h3 Bxf3 8. Bxf3
Nc6 9. d5 Ne5 10. Be2 c6 11. O-O Qc7 12. Be3 Rfc8 13. Rc1 Qa5 14. f4 Ned7 15.
a3 a6 16. Bf3 cxd5 17. cxd5 Rc4 18. Be2 Rc7 19. Qd2 Rac8 20. Bf3 Rc4 21. Be2
R4c7 22. Bf3 Ne8 23. Bg4 h5 24. Bxd7 Rxd7 25. b4 Qd8 26. Na4 Rxc1 27. Rxc1 b5
28. Nb6 Rc7 29. Rc6 e6 30. Qc2 Kh7 31. Rxc7 Nxc7 32. Qc6 exd5 33. exd5 Qe7 34.
Bf2 Ne8 35. Nc8 Qe4 36. Nxd6 Nxd6 37. Qxd6 Bh6 38. Qe5 Qxf4 39. Qxf4 Bxf4 40.
Bc5 Kg7 41. Kf2 f5 42. Be3 Be5 43. Ke2 Kf7 44. Kd3 Ke7 45. Bc5+ Kd7 46. Ke3 g5
47. Kf3 Bb2 48. Be3 Bxa3 49. Bd2 Kd6 50. g4 fxg4+ 51. hxg4 hxg4+ 52. Ke4 g3 53.
Bxg5 g2 54. Bf4+ Kd7 55. Be3 Bxb4 56. Kf3 Kd6 57. Kxg2 Kxd5 0-1

[Event "AbuDhabiMaster"]
[Site "AbuDhabi"]
[Date "2005.??.??"]
[Round "6.18"]
[White "Himdan, Maher"]
[Black "Al Sayed, Mohamad Naser"]
[Result "0-1"]
[WhiteElo "2337"]
[BlackElo "2478"]
[PlyCount "74"]
[EventDate "2005.??.??"]
[WhiteTeamCountry "IRI"]
[BlackTeamCountry "UAE"]

1. e4 c5 2. Nf3 d6 3. d4 cxd4 4. Nxd4 Nf6 5. Nc3 a6 6. Be2 g6 7. g4 Bg7 8. Nb3
Nc6 9. f4 b5 10. Bf3 Bb7 11. h4 b4 12. Na4 Na5 13. Qd4 O-O 14. Qxb4 Nxb3 15.
axb3 Rb8 16. Qc4 d5 17. exd5 Bxd5 18. Bxd5 Nxd5 19. Bd2 Qd6 20. O-O-O Rfc8 21.
Qd3 Qc6 22. h5 Nb4 23. Bxb4 Rxb4 24. h6 Bf8 25. Rhf1 Bxh6 26. g5 Bg7 27. f5 Rd4
28. Qe2 Rxd1+ 29. Qxd1 Qg2 30. Kb1 Rxc2 31. f6 Rd2 32. Qc1 Bf8 33. Rf4 exf6 34.
gxf6 Qd5 35. Qc4 Rd1+ 36. Ka2 Qh1 37. b4 Ra1+ 0-1

[Event "AbuDhabiMaster"]
[Site "AbuDhabi"]
[Date "2005.??.??"]
[Round "6.19"]
[White "Djuric, Stefan"]
[Black "Mamedjarova, Turkan"]
[Result "1/2-1/2"]
[WhiteElo "2463"]
[BlackElo "2208"]
[PlyCount "97"]
[EventDate "2005.??.??"]
[WhiteTeamCountry "IRI"]
[BlackTeamCountry "UAE"]

1. Nf3 d5 2. d4 Nf6 3. e3 c6 4. c4 Bf5 5. Nc3 e6 6. Bd3 Bg6 7. O-O Bd6 8. Re1
Nbd7 9. e4 dxe4 10. Nxe4 Nxe4 11. Bxe4 Bxe4 12. Rxe4 O-O 13. Qc2 Qf6 14. Qe2 h6
15. Bd2 Rfe8 16. Bc3 Qg6 17. Nh4 Qh7 18. g3 Nf8 19. Rd1 Nd7 20. Re3 Bf8 21. d5
cxd5 22. cxd5 e5 23. d6 e4 24. Qb5 Rad8 25. Qxb7 g5 26. Nf3 Nc5 27. Qc6 Rc8 28.
d7 Nxd7 29. Qxd7 Rcd8 30. Qxd8 Rxd8 31. Rxd8 exf3 32. Rxf3 Qb1+ 33. Kg2 Qe4 34.
h3 h5 35. Rd4 Qc6 36. g4 hxg4 37. hxg4 Bg7 38. Rdd3 f5 39. Kg1 f4 40. Rd8+ Kf7
41. Rfd3 Bxc3 42. bxc3 Qa4 43. Rd2 Qe4 44. Kh2 f3 45. R8d4 Qe5+ 46. Kg1 Qe1+
47. Kh2 Qf1 48. Rd7+ Ke8 49. Rd8+ 1/2-1/2

[Event "AbuDhabiMaster"]
[Site "AbuDhabi"]
[Date "2005.??.??"]
[Round "6.21"]
[White "Amanov, Mesgen"]
[Black "Boricsev, Oleg"]
[Result "1/2-1/2"]
[WhiteElo "2277"]
[BlackElo "2373"]
[PlyCount "86"]
[EventDate "2005.??.??"]
[WhiteTeamCountry "IRI"]
[BlackTeamCountry "UAE"]

1. Nf3 e6 2. d4 d5 3. c4 c5 4. e3 Nf6 5. Nc3 Nc6 6. Bd3 a6 7. O-O Be7 8. a3 O-O
9. dxc5 Bxc5 10. b4 Be7 11. Qe2 dxc4 12. Bxc4 b5 13. Bd3 Bb7 14. Bb2 Qb6 15.
Ne4 Nxe4 16. Bxe4 a5 17. bxa5 Nxa5 18. Bd4 Qa6 19. Bxb7 Nxb7 20. Rfb1 Bxa3 21.
Bb2 Qd6 22. Be5 Qe7 23. Qxb5 Bd6 24. Rxa8 Rxa8 25. Qc6 Bxe5 26. Nxe5 Rd8 27.
Qf3 Qf6 28. Nxf7 Qxf3 29. gxf3 Kxf7 30. Rxb7+ Kf6 31. Kg2 Rd5 32. f4 Ra5 33.
Kg3 Ra1 34. e4 Ra3+ 35. f3 h5 36. Rb6 Kf7 37. Rb5 g6 38. Rb7+ Kf8 39. Rh7 Rb3
40. f5 gxf5 41. exf5 e5 42. Kg2 Rb2+ 43. Kg3 Rb3 1/2-1/2

[Event "AbuDhabiMaster"]
[Site "AbuDhabi"]
[Date "2005.??.??"]
[Round "6.22"]
[White "Safarli, Eltaj"]
[Black "Aryanejad, Hossein"]
[Result "1-0"]
[WhiteElo "2335"]
[BlackElo "2288"]
[PlyCount "74"]
[EventDate "2005.??.??"]
[WhiteTeamCountry "IRI"]
[BlackTeamCountry "UAE"]

1. d4 d6 2. e4 g6 3. Nc3 Bg7 4. g3 Nc6 5. d5 Nd4 6. Be3 c5 7. Bg2 Qa5 8. Rb1
Nb5 9. Nge2 Nxc3 10. Nxc3 b5 11. a3 Ba6 12. O-O Rb8 13. b4 Qc7 14. Ne2 cxb4 15.
axb4 Bc8 16. Nd4 a6 17. Nc6 Ra8 18. Bd4 f6 19. f4 Nh6 20. e5 O-O 21. exf6 exf6
22. Re1 Bg4 23. Qd3 Rae8 24. Qc3 Qf7 25. Qa1 Bc8 26. h3 Nf5 27. Bf2 Rxe1+ 28.
Rxe1 Re8 29. Qc3 Rxe1+ 30. Bxe1 h5 31. Bf2 Kh7 32. Nd8 Qd7 33. Ne6 Qe8 34. Nxg7
Kxg7 35. g4 Nh6 36. g5 Ng8 37. Bd4 Qd8 1-0

[Event "AbuDhabiMaster"]
[Site "AbuDhabi"]
[Date "2005.??.??"]
[Round "6.25"]
[White "Akshat, Kamparia"]
[Black "Al Sulaiti, Ghanem"]
[Result "1-0"]
[WhiteElo "2296"]
[BlackElo "2076"]
[PlyCount "61"]
[EventDate "2005.??.??"]
[WhiteTeamCountry "IRI"]
[BlackTeamCountry "UAE"]

1. d4 d5 2. c4 e6 3. cxd5 exd5 4. Nc3 Nf6 5. Bg5 c6 6. e3 Bf5 7. Qf3 Bg6 8.
Bxf6 Qxf6 9. Qxf6 gxf6 10. Kd2 Nd7 11. Bd3 Nb6 12. b3 Be7 13. Nge2 c5 14. dxc5
Bxc5 15. Rhc1 Ba3 16. Rc2 O-O 17. Nd4 Rfc8 18. f4 Bxd3 19. Kxd3 a6 20. Rd1 Rc7
21. Nb1 Rxc2 22. Nxc2 Bb2 23. Nd4 Bxd4 24. Kxd4 Rc8 25. Nc3 f5 26. Rc1 Re8 27.
Ne2 Nd7 28. Ng3 Kg7 29. Rc7 Nf6 30. Nxf5+ Kg6 31. Nd6 1-0

[Event "AbuDhabiMaster"]
[Site "AbuDhabi"]
[Date "2005.??.??"]
[Round "6.26"]
[White "Faisal, Abdulla"]
[Black "Paridar, Shadi"]
[Result "0-1"]
[WhiteElo "2175"]
[BlackElo "2263"]
[PlyCount "50"]
[EventDate "2005.??.??"]
[WhiteTeamCountry "IRI"]
[BlackTeamCountry "UAE"]

1. e4 c5 2. Nf3 Nc6 3. d4 cxd4 4. Nxd4 Qc7 5. Nc3 e6 6. f4 a6 7. Nf3 Bc5 8. Bd3
Nh6 9. Qe2 Ng4 10. Rf1 d6 11. h3 Nf6 12. Be3 Nh5 13. Rg1 Qb6 14. Kd2 Qxb2 15.
Bxc5 dxc5 16. Qe3 Qa3 17. g4 Nf6 18. e5 Qxc3+ 19. Kxc3 Nd5+ 20. Kd2 Nxe3 21.
Kxe3 b5 22. a4 Rb8 23. axb5 axb5 24. Rgb1 Nb4 25. Kd2 O-O 0-1

[Event "AbuDhabiMaster"]
[Site "AbuDhabi"]
[Date "2005.??.??"]
[Round "6.27"]
[White "Momeni, Ebrahim"]
[Black "Al Tamimi, Hamad"]
[Result "1/2-1/2"]
[WhiteElo "2198"]
[BlackElo "2244"]
[PlyCount "84"]
[EventDate "2005.??.??"]
[WhiteTeamCountry "IRI"]
[BlackTeamCountry "UAE"]

1. c4 e6 2. b3 d5 3. Bb2 Nf6 4. Nf3 Be7 5. g3 O-O 6. Bg2 c5 7. O-O b6 8. d3 Bb7
9. Nbd2 Qc7 10. Rc1 d4 11. b4 e5 12. bxc5 Bxc5 13. Qc2 Nbd7 14. a4 a5 15. Rce1
Rfe8 16. e4 dxe3 17. fxe3 e4 18. Ng5 exd3 19. Qxd3 h6 20. Nge4 Nxe4 21. Nxe4
Ne5 22. Qc2 Nxc4 23. Bd4 Bxd4 24. exd4 Rac8 25. Nf6+ gxf6 26. Rxe8+ Rxe8 27.
Bxb7 Qxb7 28. Qxc4 Qe7 29. d5 Qe3+ 30. Rf2 Qe1+ 31. Kg2 Qe4+ 32. Qxe4 Rxe4 33.
Rxf6 Rxa4 34. Rxb6 Rd4 35. Rxh6 Rxd5 36. Ra6 Kg7 37. h4 Rb5 38. g4 Rb2+ 39. Kg3
Rb3+ 40. Kf4 Rb4+ 41. Kg3 Rb3+ 42. Kf4 Rb4+ 1/2-1/2

[Event "AbuDhabiMaster"]
[Site "AbuDhabi"]
[Date "2005.??.??"]
[Round "6.28"]
[White "Illijin, Neboisa"]
[Black "Ahmed, Ishaq"]
[Result "1-0"]
[WhiteElo "2242"]
[BlackElo "2079"]
[PlyCount "111"]
[EventDate "2005.??.??"]
[WhiteTeamCountry "IRI"]
[BlackTeamCountry "UAE"]

1. e4 c5 2. Nf3 Nc6 3. d4 cxd4 4. Nxd4 g6 5. Nc3 Bg7 6. Be3 Nf6 7. Bc4 O-O 8.
Bb3 d6 9. h3 Bd7 10. O-O Rc8 11. f4 Nxd4 12. Bxd4 Bc6 13. Qd3 Nd7 14. Bxg7 Kxg7
15. Rad1 Kg8 16. Kh1 b5 17. Bd5 b4 18. Bxc6 Nc5 19. Qb5 bxc3 20. b4 a6 21. Qe2
Rxc6 22. bxc5 Rxc5 23. e5 Qb6 24. exd6 exd6 25. f5 Qc6 26. Qd3 Rd8 27. Rf3 Qb5
28. Qe3 Re8 29. Qd4 d5 30. Qh4 Qe2 31. Rdf1 Rc4 32. Qg5 Qe5 33. Qc1 Re4 34.
fxg6 fxg6 35. Qh6 Qg7 36. Qg5 R4e5 37. Qh4 R5e7 38. Qf2 Re2 39. Qc5 Rxc2 40.
Qxd5+ Kh8 41. Rf7 Rd2 42. Qb7 Qh6 43. Qc6 Red8 44. Qxc3+ Kg8 45. Qc4 Kh8 46.
Qxa6 Qg5 47. Qb7 Qh6 48. a4 R2d4 49. a5 R4d5 50. a6 g5 51. a7 Ra5 52. Qc7 Rad5
53. Qe7 Rg8 54. R1f6 Rd1+ 55. Kh2 Qh5 56. Rf8 1-0

[Event "AbuDhabiMaster"]
[Site "AbuDhabi"]
[Date "2005.??.??"]
[Round "6.29"]
[White "Amer, Mohamed"]
[Black "Ghader Pour, Shayesteh"]
[Result "0-1"]
[WhiteElo "2223"]
[BlackElo "2109"]
[PlyCount "52"]
[EventDate "2005.??.??"]
[WhiteTeamCountry "IRI"]
[BlackTeamCountry "UAE"]

1. c4 Nf6 2. Nc3 c5 3. g3 e6 4. Bg2 d5 5. Qb3 dxc4 6. Qxc4 Be7 7. Nf3 Nc6 8.
O-O a6 9. d3 b5 10. Qb3 Bb7 11. Bf4 O-O 12. Rac1 Rc8 13. Rfd1 Qb6 14. a4 c4 15.
dxc4 b4 16. Be3 Qa5 17. h3 bxc3 18. Qxb7 cxb2 19. Qxb2 Qxa4 20. Nd2 Rfd8 21.
Ra1 Qb4 22. Qa2 Nd4 23. Bxd4 Rxd4 24. Qxa6 Rcd8 25. Rab1 Qc3 26. Rbc1 Qa3 0-1

[Event "AbuDhabiMaster"]
[Site "AbuDhabi"]
[Date "2005.??.??"]
[Round "6.32"]
[White "Ibrahim, Ismail"]
[Black "Salem, AR Saleh"]
[Result "0-1"]
[WhiteElo "2082"]
[BlackElo "2044"]
[PlyCount "80"]
[EventDate "2005.??.??"]
[WhiteTeamCountry "IRI"]
[BlackTeamCountry "UAE"]

1. e4 c6 2. d4 d5 3. exd5 cxd5 4. c4 Nf6 5. Nc3 e6 6. Nf3 Bb4 7. c5 O-O 8. Bd3
Nc6 9. O-O b6 10. Qa4 Bxc3 11. Qxc6 Bd7 12. Qd6 Ne8 13. Qg3 Ba5 14. Ne5 bxc5
15. Nxd7 Qxd7 16. dxc5 Rc8 17. Qh4 h6 18. b4 Bd8 19. Qg3 Bf6 20. Rb1 e5 21.
Bxh6 e4 22. Ba6 Rd8 23. Bf4 Qc6 24. Be2 d4 25. Bc4 d3 26. Rfc1 Bd4 27. Bb3 Nf6
28. b5 Qc8 29. Be3 Rfe8 30. b6 Bxe3 31. Qxe3 d2 32. Rd1 Rd3 33. Qf4 e3 34. fxe3
Qxc5 35. h3 Rdxe3 36. Kh2 Re1 37. Qc7 Qg1+ 38. Kg3 R8e3+ 39. Kh4 Qf2+ 40. g3
Re4+ 0-1

[Event "AbuDhabiMaster"]
[Site "AbuDhabi"]
[Date "2005.??.??"]
[Round "6.33"]
[White "Bogza, Adina"]
[Black "Khouri, Ibraheem Mohamed"]
[Result "1-0"]
[WhiteElo "2325"]
[BlackElo "2062"]
[PlyCount "29"]
[EventDate "2005.??.??"]
[WhiteTeamCountry "IRI"]
[BlackTeamCountry "UAE"]

1. Nf3 Nf6 2. g3 g6 3. Bg2 Bg7 4. d4 d5 5. O-O O-O 6. c4 c6 7. b3 Re8 8. Bb2
Nbd7 9. Nbd2 Ne4 10. Nxe4 dxe4 11. Ng5 f5 12. Ne6 Qb6 13. c5 Qa5 14. a3 Rb8 15.
b4 1-0

[Event "AbuDhabiMaster"]
[Site "AbuDhabi"]
[Date "2005.??.??"]
[Round "7"]
[White "Bocharov, Dmitry"]
[Black "Aleksandrov, Aleksej"]
[Result "0-1"]
[WhiteElo "2574"]
[BlackElo "2630"]
[PlyCount "74"]
[EventDate "2005.??.??"]
[WhiteTeam "Russia"]
[BlackTeam "Belarus"]
[WhiteTeamCountry "RUS"]
[BlackTeamCountry "BLR"]

1. d4 Nf6 2. c4 e6 3. Nc3 Bb4 4. Qc2 O-O 5. e4 d5 6. e5 Ne4 7. a3 Bxc3+ 8. bxc3
c5 9. Bd3 cxd4 10. cxd4 Qa5+ 11. Kf1 f6 12. Bxe4 dxe4 13. exf6 Rxf6 14. Be3 e5
15. d5 Bf5 16. Ne2 Nd7 17. Ng3 Bg6 18. Kg1 Rc8 19. Qb3 Nc5 20. Qa2 Nd3 21. h4
h5 22. Rb1 b6 23. Qe2 Rcf8 24. Nxh5 Rxf2 25. Qg4 Bxh5 26. Qxh5 Qxa3 27. Qg4 Qa2
28. Kh2 Qe2 29. Qe6+ R2f7 30. Bg5 Nf4 31. Bxf4 exf4 32. Rbe1 Qd3 33. Rxe4 Qg3+
34. Kg1 f3 35. Qh3 Qg6 36. Qg4 f2+ 37. Kf1 Qxg4 0-1

[Event "AbuDhabiMaster"]
[Site "AbuDhabi"]
[Date "2005.??.??"]
[Round "7"]
[White "Gupta, Abhijeet"]
[Black "Ghaem Maghami, Ehsan"]
[Result "1/2-1/2"]
[WhiteElo "2380"]
[BlackElo "2603"]
[PlyCount "157"]
[EventDate "2005.??.??"]
[WhiteTeam "India"]
[BlackTeam "Iran"]
[WhiteTeamCountry "IND"]
[BlackTeamCountry "IRI"]

1. d4 d6 2. c4 g6 3. Nc3 Bg7 4. e4 Nf6 5. f3 b6 6. Be3 c5 7. d5 O-O 8. Nge2 e6
9. Ng3 Re8 10. Be2 exd5 11. cxd5 Ba6 12. O-O Bxe2 13. Ngxe2 a6 14. Rb1 Nbd7 15.
b4 Ne5 16. Bg5 Qc7 17. bxc5 bxc5 18. Qa4 c4 19. Be3 Nfd7 20. Nd4 Nc5 21. Qa3 f5
22. exf5 Nxf3+ 23. Rxf3 Rxe3 24. Rxe3 Bxd4 25. Ne2 Bxe3+ 26. Qxe3 Qf7 27. fxg6
Qxg6 28. Rf1 Re8 29. Qf3 Nd3 30. Nd4 Ne5 31. Qf4 Qg4 32. Qxg4+ Nxg4 33. Rc1 Re5
34. h3 Ne3 35. Kf2 c3 36. Nf3 Re8 37. Nd4 Nxd5 38. Ne2 Rc8 39. Kf3 Rc4 40. Rd1
Rc5 41. Ke4 Nf6+ 42. Kd3 c2 43. Rc1 Nd5 44. a3 Ra5 45. Rxc2 Rxa3+ 46. Kd4 Ne7
47. Rc7 Ra4+ 48. Kd3 Ng6 49. g3 d5 50. Nc3 Ne5+ 51. Ke3 Ra5 52. Kd4 Nf3+ 53.
Ke3 Ng5 54. Rd7 Ra3 55. Kd2 d4 56. Nb1 Rxg3 57. h4 Ne4+ 58. Ke2 Re3+ 59. Kd1
Nf2+ 60. Kd2 Ne4+ 61. Kd1 d3 62. Nd2 Nf2+ 63. Kc1 Rh3 64. Rd4 h5 65. Ne4 Ng4
66. Kd2 Rxh4 67. Nf6+ Kf7 68. Nxh5 Rh2+ 69. Kc3 Ne5 70. Nf4 Rc2+ 71. Kb3 Rc8
72. Nxd3 Nc6 73. Rd7+ Kf6 74. Nb4 Na5+ 75. Ka4 Nc4 76. Rh7 a5 77. Nc6 Kg6 78.
Ne7+ Kxh7 79. Nxc8 1/2-1/2

[Event "AbuDhabiMaster"]
[Site "AbuDhabi"]
[Date "2005.??.??"]
[Round "7"]
[White "Guseinov, Gadir"]
[Black "Ibrahimov, Rasul"]
[Result "1/2-1/2"]
[WhiteElo "2585"]
[BlackElo "2525"]
[PlyCount "53"]
[EventDate "2005.??.??"]
[WhiteTeam "Azerbaijan"]
[BlackTeam "Azerbaijan"]
[WhiteTeamCountry "AZE"]
[BlackTeamCountry "AZE"]

1. e4 c5 2. Nf3 d6 3. d4 cxd4 4. Nxd4 Nf6 5. Nc3 a6 6. Bg5 e6 7. f4 Qb6 8. Qd2
Nc6 9. Bxf6 gxf6 10. Nb3 Bd7 11. O-O-O O-O-O 12. Be2 h5 13. Rhf1 Be7 14. Rf3
Rdg8 15. Bf1 Kb8 16. Kb1 h4 17. Rd3 Qc7 18. Qe1 Rh5 19. Nd5 exd5 20. exd5 h3
21. g3 Ne5 22. Rc3 Qb6 23. Nd4 Ka7 24. Rb3 Qc5 25. Rc3 Qb6 26. Rb3 Qc5 27. Rc3
1/2-1/2